Psicomotricidade (Registo nº 36104)
[ vista simples ]
| 000 -Etiqueta do registo | |
|---|---|
| Valores | 00617cam a2200241 4500 |
| 010 ## - Número ISBN | |
| ISBN | 9727800726 |
| 021 ## - Número do Depósito Legal | |
| Código do país | Portugal |
| Número | 168143/01 |
| 100 ## - Dados gerais de processamento | |
| Dados gerais | 20011113d2001 m y0pory5003 ba |
| 101 0# - Língua de publicação | |
| Língua | Português |
| 102 ## - País de publicação | |
| País | Portugal |
| 200 1# - Titulo e menção de responsabilidade | |
| Título próprio | Psicomotricidade |
| Informação de outro título | perspectivas multidisciplinares |
| Primeira menção de responsabilidade | Vitor da Fonseca |
| 205 ## - Menção da edição | |
| Edição | 1ªed |
| 210 #9 - Publicação | |
| Local de publicação | Lisboa |
| Nome do editor | Âncora, |
| Data de publicação | 2001 |
| 215 ## - Descrição física | |
| Paginação / Volumes | 173 p. |
| Outras indicações físicas | il. |
| Dimensões | 23 cm |
| 225 2# - Colecção | |
| Título próprio da colecção | Educação para o século XXI |
| 606 ## - Nome comum usado como assunto | |
| Palavra de ordem | Psicomotricidade |
| 675 ## - CDU | |
| Notação | 159.943 |
| Edição | BN |
| Língua | por |
| 700 ## - Autor principal | |
| Apelido | Fonseca, |
| Nome | Vítor da |
| ID Autoridade | 6591 |
| 801 ## - Fonte de origem | |
| País | PT |
| Regras de catalogação | RPC |
| 090 ## - Tipo de documento | |
| Koha biblioitem number (autogenerated) | 36104 |
| 990 ## - Elementos KOHA | |
| Tipo de documento | Livro |
| 994 ## - Estado da catalogação | |
| Situação | Completo |
| Situação do levantamento | Situação do extravio | Biblioteca de origem | Biblioteca de empréstimo | Código de barras | Cota | Permissão de empréstimo | Tipo de documento | Forma de aquisição |
|---|---|---|---|---|---|---|---|---|
| Completo | Biblioteca Municipal de Viana Do Alentejo | Biblioteca Municipal de Viana Do Alentejo | 0034684 | 159.9 FON | Disponível | Livro | Oferta |